000 00308 a2200133 4500
001 142461
040 _cLeonardo Da Vinci
041 _aPortuguês
082 _av203
100 _aCOLÉGIO Leonardo da Vinci - Anglo
245 _aLamarca
697 _aAnglo
_aHistória
_aLamarca
_aBlade Runner
942 _cVM
999 _c142461
_d142461